000 nam a22 a 4500
999 _c127589
_d127589
003 BLK
005 20220420115613.0
008 180409b bul|||||r ||||||| ||bul||
010 _aKNG00133292000
040 _aBLK
041 _aBUL
_cBUL
080 _aВоенна история - Военни походи, битки, героични подвизи. Вж и 93/99
_b355.48
_x(093.3)
_z355.48(093.3)
100 1 _aБирюзов, Сергей Семьонович
_eпърви автор
_939221
139 _aБирюзов, Сергей Семьонович
_bБ 45
245 1 0 _aСъветският войник на Балканите
_bСпомени
_cСергей Семьонович Бирюзов; прев. от рус. Христо Узунов.
257 _aSUN
260 _bДърж. воен. изд.
_c1964
_aСофия
300 _a264 с.
_bс портр., черт., 1 л. портр.
_c23 см
380 _a3
500 _a6 100 тир.
650 4 _aВтора световна война - спомени
_9243237
651 4 _aБалканите
_9178566
653 _aВтора световна война
653 _aспомени
700 1 _aУзунов, Христо
_eпрев. от рус.
_9318771
852 _aЦб 31254
_bЦб
856 4 _qpdf
856 4 _qpdf
942 _cKNG
_n0
_s1
944 _aCR
_c27.08.2012
_l27.08.2012 - от С1,Р / 27.08.2012
_kНаталия_Медовщикова
944 _aED
_c27.08.2012
_l27.08.2012 - от С1,Р / 27.08.2012
999 _d127589